FAMILY LAW (Record no. 34090)

MARC details
000 -LEADER
fixed length control field 00301nam a22001457a 4500
003 - CONTROL NUMBER IDENTIFIER
control field SGT
020 ## - INTERNATIONAL STANDARD BOOK NUMBER
International Standard Book Number 9789348002976
082 ## - DEWEY DECIMAL CLASSIFICATION NUMBER
Classification number 346.01
Item number DIW
100 ## - MAIN ENTRY--PERSONAL NAME
Personal name DIWAN PARAS
245 ## - TITLE STATEMENT
Title FAMILY LAW
250 ## - EDITION STATEMENT
Edition statement 14
260 ## - PUBLICATION, DISTRIBUTION, ETC. (IMPRINT)
Place of publication, distribution, etc FARIDABAD
Name of publisher, distributor, etc ALLAHABAD LAW AGENCY
Year of Publication 2025
300 ## - PAGE DESCRIPTION
No. of Pages 619
942 ## - ADDED ENTRY ELEMENTS (KOHA)
Source of classification or shelving scheme Dewey Decimal Classification
Koha item type Books
Holdings
Withdrawn status Lost status Source of classification or shelving scheme Damaged status Not for loan Collection code Home library Current library Shelving location Date acquired Vendor Name Cost, normal purchase price SGTU Bill Number Full call number Accession No. (Barcode) Date last seen Bill Date Koha item type Total Checkouts Date last borrowed
    Dewey Decimal Classification   Not For Loan LAW SGT Science & Social Sciences Library SGT Science & Social Sciences Library Reference Book 16/02/2026 ZAFFA BOOKS 850.00 SGTU ZBD0409 346.01 DIW FL4041 16/02/2026 30/01/2026 Books    
    Dewey Decimal Classification     LAW SGT Science & Social Sciences Library SGT Science & Social Sciences Library Text Book 16/02/2026 ZAFFA BOOKS 850.00 SGTU ZBD0409 346.01 DIW FL4042 18/03/2026 30/01/2026 Books 1 17/03/2026
    Dewey Decimal Classification     LAW SGT Science & Social Sciences Library SGT Science & Social Sciences Library Text Book 16/02/2026 ZAFFA BOOKS 850.00 SGTU ZBD0409 346.01 DIW FL4043 30/03/2026 30/01/2026 Books 1 17/03/2026
    Dewey Decimal Classification     LAW SGT Science & Social Sciences Library SGT Science & Social Sciences Library Text Book 16/02/2026 ZAFFA BOOKS 850.00 SGTU ZBD0409 346.01 DIW FL4044 30/03/2026 30/01/2026 Books 1 17/03/2026